Music Quiz

Random Music or The Beatles Quiz

John, Paul, George or Ringo? Quiz Stats

 Plays Quiz Updated Sep 3, 2012

Challenge
Share
Tweet
Embed
Score 0/28 Timer 06:00
0 Plays Today
Fact Which Beatle? % Correct
Appeared completely nude on an album cover???
80.3%
Claimed the Beatles were 'bigger than Jesus'???
79.2%
Recorded a single in a Montreal hotel room without even getting out of bed???
72.7%
Had #1 duets with 2 different American artists???
72.4%
Father of Dhani???
70.7%
Father of Stella???
70.6%
Had a son who had two top ten singles on his own???
69.7%
Had a deep interest in Indian culture???
69.2%
Left the band Rory Storm and the Hurricanes to join the Beatles???
67%
Wrote the song 'Octopus's Garden'???
61.5%
Fought off a burglar in his own home and was stabbed???
61.3%
Narrated a children's show on PBS???
61%
Co-starred in movies with Frank Zappa and Peter Sellers???
52.6%
Original middle name was Winston???
52%
Fact Which Beatle? % Correct
Appeared at Live Aid???
50.9%
Youngest of the four???
50%
Was a producer on several Monty Python films???
47.8%
Was married in Ireland???
45.5%
Actual legal first name is James???
44.6%
Jailed in Japan for marijuana possession???
42.6%
Only Beatle to have a #1 single officially credited to him and his wife???
36.6%
His son performed with The Who at the 2010 Super Bowl???
36.6%
Wrote the book 'A Spaniard In The Works'???
36%
Wrote a #1 song for another solo Beatle???
31.8%
Had a hit single with a nursery rhyme???
30.8%
Elton John is his youngest son's godfather???
30.7%
First to release a solo album???
27.6%
First Beatle to host Saturday Night Live???
27.2%

You're not logged in!

Compare scores with friends on all Sporcle quizzes.
OR
Log In

You Might Also Like...

Show Comments

Extras

Top Quizzes Today


Score Distribution

Your Account Isn't Verified!

In order to create a playlist on Sporcle, you need to verify the email address you used during registration. Go to your Sporcle Settings to finish the process.

Report this User

Report this user for behavior that violates our Community Guidelines.

Details: